Continued growth for construction SMEs (Record no. 73181)

MARC details
000 -LEADER
fixed length control field 01119cam a2200217 4500
001 - CONTROL NUMBER
control field WB3930-03
008 - FIXED-LENGTH DATA ELEMENTS--GENERAL INFORMATION
fixed length control field 030807n2003 000 0 eng u
035 ## - SYSTEM CONTROL NUMBER
System control number (Sirsi) u123222
245 ## - TITLE STATEMENT
Title Continued growth for construction SMEs
260 ## - PUBLICATION, DISTRIBUTION, ETC.
Date of publication, distribution, etc. 2003
490 ## - SERIES STATEMENT
Series statement Federation of Master Builders Press Release
Volume/sequential designation 5 August 2003 (3)
520 ## - SUMMARY, ETC.
Summary, etc. Figures from the Federation of Master Builders' "State of trade survey" for the second quarter 2003 reveal a 38% increase in the workload of small and medium-sized construction companies, representing the 16th successive quarter of growth. Future predictions for employment and new business are positive although a continued shortage of skilled labour remains an issue. "State of trade surveys" available from www.fmb.org.uk/publications/sotsurvey/index.asp. www.fmb.org.uk/publications/fmbnews/050803.asp
590 ## - LOCAL NOTE (RLIN)
Local note WB
650 ## - SUBJECT ADDED ENTRY--TOPICAL TERM
Topical term or geographic name entry element CONSTRUCTION WORKLOAD
650 ## - SUBJECT ADDED ENTRY--TOPICAL TERM
Topical term or geographic name entry element BUILDERS
650 ## - SUBJECT ADDED ENTRY--TOPICAL TERM
Topical term or geographic name entry element SMES
650 ## - SUBJECT ADDED ENTRY--TOPICAL TERM
Topical term or geographic name entry element CONSTRUCTION MARKET
650 ## - SUBJECT ADDED ENTRY--TOPICAL TERM
Topical term or geographic name entry element FEDERATION OF MASTER BUILDERS STATE OF TRADE SURVEY
690 ## - LOCAL SUBJECT ADDED ENTRY--TOPICAL TERM (OCLC, RLIN)
Topical term or geographic name as entry element BUILT ENVIRONMENT-CONSTRUCTION MARKET
942 ## - ADDED ENTRY ELEMENTS (KOHA)
Suppress in OPAC 0
Holdings
Withdrawn status Lost status Source of classification or shelving scheme Damaged status Not for loan Home library Current library Shelving location Date acquired Total Checkouts Full call number Barcode Date last seen Copy number Price effective from Koha item type
    Dewey Decimal Classification     London London News article 07/08/2003   WB3930-03 123222-1001 06/08/2019 1 06/08/2019 News article